00591 2200217 4500001002100000008004100021035002000062245005100082260004300133300002700176020001800203084001500221520003300236520001600269520001800285082001100303650002300314990001200337990001200349990001200361INLIS000000000016049 ind  a0010-0423000066 aMickey And The Roadster Racers: Hari Bau Donal aJakartabGramedia Pustaka Utama,c2019 a32 hlm.: ilus.c28 cm. a9786020630144 a028.55 MIC aJudul asli:A friend Like Him aAlih Bahasa aMaria Felicia a028.55 aBACAAN KANAK-KANAK a10877 a a10877 b a10877 c